[Event "Guernsey Open"]
[Site "Guernsey GCI"]
[Date "2006.10.20"]
[Round "6"]
[White "Lock, Gavin R"]
[Black "Heppell, Ian N"]
[Result "1-0"]
[WhiteElo "2226"]
[BlackElo "2138"]
[PlyCount "59"]
[EventDate "2006.10.15"]

1. Nf3 d6 2. d4 Bg4 3. c4 Nd7 4. Nc3 e5 5. g3 Bxf3 6. exf3 exd4 7. Qxd4 Ne7 8.
f4 Nc6 9. Qe3+ Be7 10. Bg2 O-O 11. O-O Re8 12. Qd2 Nc5 13. b3 Bf6 14. Bb2 a5
15. Nd5 Bxb2 16. Qxb2 Ne7 17. Ne3 Qd7 18. h4 Rab8 19. Qc3 Ra8 20. Kh2 Kh8 21.
Rad1 f5 22. Qd4 Qe6 23. Bh3 Qe4 24. Qc3 Qf3 25. Bg2 Qh5 26. Rfe1 Ne4 27. Bxe4
fxe4 28. Nd5 Nxd5 29. Rxd5 Qg4 30. Rg5 1-0

[Event "Guernsey Open"]
[Site "Guernsey GCI"]
[Date "2006.10.20"]
[Round "6"]
[White "Roberts, Paul"]
[Black "Wiecker, Stefan"]
[Result "1/2-1/2"]
[WhiteElo "2189"]
[BlackElo "2048"]
[PlyCount "84"]
[EventDate "2006.10.15"]

1. c4 g6 2. Nc3 Bg7 3. g3 d6 4. Bg2 e5 5. e4 Nc6 6. Nge2 Nge7 7. O-O O-O 8. d3
Be6 9. h3 Qd7 10. Kh2 f5 11. f4 Rab8 12. Be3 Nd4 13. Rb1 fxe4 14. Nxe4 Nef5 15.
Bg1 Nxe2 16. Qxe2 exf4 17. gxf4 Rbe8 18. Rbe1 h6 19. Qd2 Nh4 20. b3 Bf5 21. Ng3
Nxg2 22. Qxg2 Kh7 23. Nxf5 Qxf5 24. Re4 d5 25. cxd5 Qxd5 26. Rxe8 Qxg2+ 27.
Kxg2 Rxe8 28. Kf3 c6 29. Be3 Rd8 30. Ke4 Re8+ 31. Kf3 Rd8 32. Ke4 Rd5 33. Rf2
a5 34. a4 Kg8 35. d4 Rh5 36. f5 Rh4+ 37. Kd3 Rxh3 38. fxg6 h5 39. Ke4 Rh4+ 40.
Kd3 Rh3 41. Ke4 Rh4+ 42. Kd3 Rh3 1/2-1/2

[Event "Guernsey Open"]
[Site "Guernsey GCI"]
[Date "2006.10.20"]
[Round "6"]
[White "Van Ingen, Ton"]
[Black "Reijneveld, Ad"]
[Result "1/2-1/2"]
[WhiteElo "1855"]
[BlackElo "2176"]
[PlyCount "95"]
[EventDate "2006.10.15"]

1. d4 Nf6 2. c4 Nc6 3. Nf3 d6 4. Bg5 e5 5. e4 Bg4 6. d5 Nd4 7. Qa4+ Bd7 8. Qd1
Nxf3+ 9. Qxf3 Be7 10. Nc3 Nxd5 11. Bxe7 Nxe7 12. Bd3 O-O 13. Qe3 f5 14. f3 f4
15. Qf2 Nc6 16. c5 dxc5 17. Bc4+ Kh8 18. Qxc5 Qh4+ 19. Kf1 b6 20. Qf2 Qxf2+ 21.
Kxf2 Nd4 22. Rhd1 Rfd8 23. Nd5 c6 24. Nxf4 b5 25. Bf1 Nc2 26. Rac1 Nb4 27. Nd3
Nxd3+ 28. Rxd3 Be8 29. Rc5 Bf7 30. Rxc6 Bxa2 31. Rxd8+ Rxd8 32. Bxb5 Kg8 33.
Ke2 Rb8 34. Rc5 Rxb5 35. Rc8+ Kf7 36. Rc7+ Kf6 37. Rxa7 Rxb2+ 38. Kf1 Bc4+ 39.
Kg1 h5 40. h4 Rc2 41. Rb7 Be6 42. Rb5 Ra2 43. Rc5 Rb2 44. Ra5 Bc4 45. Rc5 Rc2
46. Rc6+ Ke7 47. Rc7+ Kf6 48. Rc6+ 1/2-1/2

[Event "Guernsey Open"]
[Site "Guernsey GCI"]
[Date "2006.10.20"]
[Round "6"]
[White "Collier, David O"]
[Black "O'Toole, George E"]
[Result "1-0"]
[WhiteElo "2175"]
[BlackElo "1935"]
[PlyCount "79"]
[EventDate "2006.10.15"]

1. d4 d5 2. Nf3 Nf6 3. c4 e6 4. Nc3 Be7 5. Bg5 h6 6. Bh4 O-O 7. e3 b6 8. cxd5
Nxd5 9. Bxe7 Qxe7 10. Nxd5 exd5 11. Be2 Be6 12. O-O Nd7 13. Rc1 c5 14. dxc5
bxc5 15. Qa4 Rab8 16. b3 Nb6 17. Qa3 Rbc8 18. Rc3 Rc7 19. Rfc1 Rfc8 20. Ba6 Rd8
21. Qa5 c4 22. Nd4 Qc5 23. Qxc5 Rxc5 24. b4 Rc7 25. Bb5 Bd7 26. Ra3 Ra8 27. Kf1
Bxb5 28. Nxb5 Rb7 29. Ra5 Nc8 30. a3 Ne7 31. Nc3 Rd8 32. Rd1 Rbd7 33. Ke2 f6
34. f3 Kf7 35. Rc5 Ke6 36. Nb5 Rc8 37. Nd4+ Kd6 38. Ra5 Ke5 39. f4+ Ke4 40. Ra6
1-0

[Event "Guernsey Open"]
[Site "Guernsey GCI"]
[Date "2006.10.20"]
[Round "6"]
[White "Vickery, Jim"]
[Black "Morris Hill, Ray"]
[Result "0-1"]
[WhiteElo "2155"]
[BlackElo "2060"]
[PlyCount "78"]
[EventDate "2006.10.15"]

1. d4 Nf6 2. Nf3 c5 3. c3 e6 4. Bg5 Qb6 5. Qc2 d5 6. Bxf6 gxf6 7. e3 Nc6 8.
Nbd2 Bd7 9. Be2 cxd4 10. exd4 Bd6 11. O-O Ke7 12. b3 Rag8 13. Rfe1 Rg7 14. Bf1
Rhg8 15. g3 Kd8 16. Rad1 Qc7 17. Nb1 Ne7 18. Kh1 Nf5 19. Rd3 Rg6 20. Bg2 Nxg3+
21. fxg3 Bxg3 22. hxg3 Qxg3 23. Qd2 Bb5 24. c4 dxc4 25. bxc4 Bxc4 26. Ne5 Rh6+
27. Kg1 Qh2+ 28. Kf1 fxe5 29. dxe5+ Ke8 30. Re2 Bxd3 31. Qxd3 Qf4+ 32. Rf2 Qxe5
33. Bxb7 Qc5 34. Nc3 Rhg6 35. Ke2 Rg3 36. Bf3 Qe5+ 37. Ne4 f5 38. Kd2 fxe4 39.
Qxe4 Qxe4 0-1

[Event "Guernsey Open"]
[Site "Guernsey GCI"]
[Date "2006.10.20"]
[Round "6"]
[White "Taylor, Mark"]
[Black "Hamperl, Fred"]
[Result "1/2-1/2"]
[WhiteElo "2152"]
[BlackElo "2027"]
[PlyCount "32"]
[EventDate "2006.10.15"]

1. d4 Nf6 2. Nc3 d5 3. Bg5 Bf5 4. f3 Nbd7 5. Nxd5 Bxc2 6. Qxc2 Nxd5 7. e4 h6 8.
Bd2 N5b6 9. Bc3 e6 10. Nh3 c6 11. O-O-O Qc7 12. Kb1 Be7 13. g3 h5 14. f4 Nf6
15. Nf2 h4 16. Be2 hxg3 1/2-1/2

[Event "Guernsey Open"]
[Site "Guernsey GCI"]
[Date "2006.10.20"]
[Round "6"]
[White "Havenaar, Jan"]
[Black "Morcom, Huw"]
[Result "1-0"]
[WhiteElo "2202"]
[BlackElo "1967"]
[PlyCount "45"]
[EventDate "2006.10.15"]

1. Nc3 g6 2. e4 c5 3. f4 Bg7 4. Nf3 d6 5. Bc4 Nc6 6. O-O Nd4 7. d3 Nh6 8. Ne2
Bg4 9. Nexd4 Bxd4+ 10. Kh1 Bg7 11. h3 Bd7 12. Qe1 b5 13. Bd5 Rc8 14. f5 e6 15.
Bg5 Qb6 16. Qh4 exd5 17. Bxh6 Bxh6 18. Qxh6 Kd8 19. Ng5 Kc7 20. Nxf7 Rhg8 21.
f6 Rcf8 22. Ng5 dxe4 23. dxe4 1-0

[Event "Guernsey Open"]
[Site "Guernsey GCI"]
[Date "2006.10.20"]
[Round "6"]
[White "Dennis, Nigel W"]
[Black "Dodgson, John A"]
[Result "1/2-1/2"]
[WhiteElo "2020"]
[BlackElo "2172"]
[PlyCount "43"]
[EventDate "2006.10.15"]

1. e4 c6 2. d4 d5 3. exd5 cxd5 4. c4 Nf6 5. Nc3 Nc6 6. Bg5 Be6 7. c5 Ne4 8. Bd2
Nxd4 9. Qa4+ Nc6 10. Nxe4 dxe4 11. Qxe4 Qd4 12. Qc2 Bd5 13. Ne2 Qc4 14. Qxc4
Bxc4 15. b3 Ba6 16. a3 e6 17. b4 Ne5 18. Nc3 Bxf1 19. Rxf1 Be7 20. O-O-O O-O-O
21. Kc2 Nc6 22. Be3 1/2-1/2

[Event "Guernsey Open"]
[Site "Guernsey GCI"]
[Date "2006.10.20"]
[Round "6"]
[White "Thurlow, Kevin J"]
[Black "Burton, Ronnie"]
[Result "1/2-1/2"]
[WhiteElo "2140"]
[BlackElo "2056"]
[PlyCount "41"]
[EventDate "2006.10.15"]

1. Nf3 g6 2. c4 Bg7 3. Nc3 d6 4. d4 e5 5. dxe5 dxe5 6. Qxd8+ Kxd8 7. Bg5+ f6 8.
O-O-O+ Ke8 9. Bh4 Be6 10. e4 c6 11. Be2 Na6 12. Rd6 Kf7 13. Rhd1 Nh6 14. h3 Bf8
15. Rd8 Be7 16. Rxh8 Rxh8 17. a3 Rc8 18. b4 Ke8 19. Kb2 Nf7 20. c5 Nc7 21. Nd2
1/2-1/2

[Event "Guernsey Open"]
[Site "Guernsey GCI"]
[Date "2006.10.20"]
[Round "6"]
[White "Middleton, Tom"]
[Black "Dijksterhuis, Rolf"]
[Result "1/2-1/2"]
[WhiteElo "2100"]
[BlackElo "2047"]
[PlyCount "67"]
[EventDate "2006.10.15"]

1. e4 c5 2. Nf3 Nc6 3. Bb5 Na5 4. Be2 g6 5. O-O Bg7 6. Re1 d6 7. c3 Nf6 8. Bf1
O-O 9. d4 a6 10. Nbd2 e6 11. e5 dxe5 12. dxe5 Nd7 13. Ne4 Nxe5 14. Nxe5 Bxe5
15. Qxd8 Rxd8 16. Nxc5 Nc6 17. g3 Bd6 18. Ne4 Be7 19. Be3 e5 20. Bb6 Rf8 21.
Nc5 Bd8 22. Bxd8 Rxd8 23. Bg2 f6 24. Rad1 Bg4 25. Rxd8+ Nxd8 26. h3 Bc8 27. Rd1
Nf7 28. Nxb7 Rb8 29. Nd6 Be6 30. Nxf7 Kxf7 31. b3 a5 32. c4 a4 33. Rd3 f5 34.
Bd5 1/2-1/2

[Event "Guernsey Open"]
[Site "Guernsey GCI"]
[Date "2006.10.20"]
[Round "6"]
[White "Twitchell, David"]
[Black "Pickersgill, Adrian"]
[Result "1/2-1/2"]
[WhiteElo "2013"]
[BlackElo "2093"]
[PlyCount "68"]
[EventDate "2006.10.15"]

1. e4 d5 2. exd5 Qxd5 3. Nc3 Qa5 4. d4 c6 5. Nf3 Nf6 6. Bd2 Bf5 7. Be2 e6 8.
O-O Nbd7 9. a3 Qc7 10. Be3 Bd6 11. h3 Nd5 12. Nxd5 exd5 13. c4 dxc4 14. Bxc4
O-O 15. Bd3 Bg6 16. Rc1 Nf6 17. Nh4 Bxd3 18. Qxd3 Bf4 19. Nf5 Nd5 20. Bxf4 Nxf4
21. Qf3 Rad8 22. g3 Nd5 23. Rfe1 Qd7 24. Re5 f6 25. Re4 g6 26. Ne3 f5 27. Re5
Nf6 28. Rd1 Qf7 29. Nc2 Rfe8 30. Rxe8+ Rxe8 31. Ne3 Rd8 32. Qe2 Nd5 33. Nc4 Qe7
34. Ne5 Kg7 1/2-1/2

[Event "Guernsey Open"]
[Site "Guernsey GCI"]
[Date "2006.10.20"]
[Round "6"]
[White "Bower, Daniel"]
[Black "Taylor, Philip"]
[Result "1/2-1/2"]
[WhiteElo "2010"]
[BlackElo "2082"]
[PlyCount "48"]
[EventDate "2006.10.15"]

1. e4 d6 2. d4 Nf6 3. Bd3 e5 4. dxe5 dxe5 5. Nf3 Nc6 6. Nc3 Bb4 7. Bd2 Bg4 8.
h3 Bh5 9. Bb5 O-O 10. Bxc6 bxc6 11. Qe2 Qe7 12. O-O Rfd8 13. a3 Bxf3 14. gxf3
Bd6 15. Bg5 h6 16. Bh4 Qe6 17. Kh2 Nh5 18. Bg3 Bc5 19. Nd1 Nf4 20. Bxf4 exf4
21. Nc3 Bd4 22. Na4 f5 23. c3 Bb6 24. Nxb6 cxb6 1/2-1/2

[Event "Guernsey Open"]
[Site "Guernsey GCI"]
[Date "2006.10.20"]
[Round "6"]
[White "Donoghue, John"]
[Black "De Kruif, Kees"]
[Result "1-0"]
[WhiteElo "1803"]
[BlackElo "2080"]
[PlyCount "93"]
[EventDate "2006.10.15"]

1. e4 c5 2. Nf3 d6 3. Bb5+ Nd7 4. d4 cxd4 5. Qxd4 a6 6. Bxd7+ Bxd7 7. Nc3 Nf6
8. Bg5 h6 9. Bxf6 gxf6 10. O-O Rg8 11. Qd3 Qa5 12. Nd5 Rc8 13. Nd4 f5 14. b4
Qd8 15. exf5 Bg7 16. Rae1 Bxd4 17. Rxe7+ Qxe7 18. Nxe7 Kxe7 19. Qxd4 Bxf5 20.
Re1+ Be6 21. c4 Kd7 22. c5 d5 23. Qf4 Rc6 24. Qxh6 Rg4 25. a3 Rc4 26. Qf6 b6
27. f4 Re4 28. Rxe4 dxe4 29. Qd4+ Kc7 30. cxb6+ Rxb6 31. Qxe4 Rd6 32. h4 Rd5
33. Kf2 Kb6 34. g4 Rd2+ 35. Kg3 Ra2 36. Qe3+ Kb5 37. h5 Ka4 38. h6 Rxa3 39.
Qxa3+ Kxa3 40. h7 Kxb4 41. h8=Q a5 42. f5 Bb3 43. Qd4+ Bc4 44. Kf4 a4 45. Ke3
a3 46. Kd2 a2 47. Kc1 1-0

[Event "Guernsey Open"]
[Site "Guernsey GCI"]
[Date "2006.10.20"]
[Round "6"]
[White "Gravett, Alan D"]
[Black "Goris, Ton"]
[Result "0-1"]
[WhiteElo "1972"]
[BlackElo "2077"]
[PlyCount "52"]
[EventDate "2006.10.15"]

1. Nf3 Nf6 2. g3 d5 3. Bg2 Bf5 4. d3 Nc6 5. Nbd2 Qd7 6. c4 e6 7. O-O h6 8. a3
a5 9. b3 Be7 10. Bb2 O-O 11. Rc1 Rab8 12. cxd5 exd5 13. Ne5 Nxe5 14. Bxe5 Rbc8
15. Bxf6 Bxf6 16. Rc5 c6 17. Rxa5 b5 18. a4 Bd8 19. Ra6 b4 20. e4 Qb7 21. Rxc6
Qxc6 22. exf5 Qc5 23. Qg4 Bf6 24. h4 Rfe8 25. Qf3 Rcd8 26. Rd1 Qc2 0-1

[Event "Guernsey Open"]
[Site "Guernsey GCI"]
[Date "2006.10.20"]
[Round "6"]
[White "Wantoch, Markus"]
[Black "Ippel, Cok"]
[Result "1-0"]
[WhiteElo "2063"]
[BlackElo "2046"]
[PlyCount "109"]
[EventDate "2006.10.15"]

1. e4 e6 2. d3 d5 3. Nd2 Nf6 4. g3 dxe4 5. dxe4 e5 6. Bg2 Bc5 7. Ne2 Bxf2+ 8.
Kxf2 Ng4+ 9. Kg1 Qf6 10. Nf3 Qb6+ 11. Ned4 exd4 12. Qxd4 Nc6 13. Qxb6 axb6 14.
h3 Nge5 15. Bf4 f6 16. a3 O-O 17. Rd1 Be6 18. Kh2 g5 19. Bc1 Rad8 20. Nxe5 Nxe5
21. b3 g4 22. Bh6 Rxd1 23. Rxd1 Re8 24. Rf1 gxh3 25. Bxh3 Bxh3 26. Kxh3 Re6 27.
Rd1 Kf7 28. Bf4 Nf3 29. Rd7+ Kg6 30. Rxc7 Rxe4 31. Kg2 Nd4 32. Rxb7 Re2+ 33.
Kf1 Rxc2 34. Rxb6 Kf5 35. Be3 Nf3 36. Rb4 Nh2+ 37. Ke1 h5 38. Kd1 Ra2 39. Rf4+
Kg6 40. Rf2 Ra1+ 41. Bc1 Ng4 42. Re2 Ne5 43. Kc2 Ra2+ 44. Bb2 Nf3 45. Kb1 Nd4
46. Rg2 Rxb2+ 47. Kxb2 f5 48. a4 Kg5 49. Kc3 Nc6 50. Kc4 Ne5+ 51. Kd4 Nf3+ 52.
Ke3 Ne5 53. a5 Kg4 54. a6 Nc6 55. Rc2 1-0

[Event "Guernsey Open"]
[Site "Guernsey GCI"]
[Date "2006.10.20"]
[Round "6"]
[White "Hickman, John"]
[Black "Goris Schouwstra, Adri"]
[Result "1/2-1/2"]
[WhiteElo "2058"]
[BlackElo "1879"]
[PlyCount "40"]
[EventDate "2006.10.15"]

1. e4 e6 2. d3 d5 3. Nd2 c5 4. Ngf3 Nc6 5. g3 Be7 6. Bg2 d4 7. O-O e5 8. Nc4
Qc7 9. a4 h6 10. c3 Be6 11. cxd4 cxd4 12. Bd2 Bxc4 13. dxc4 a5 14. Ne1 Nf6 15.
Nd3 Nd7 16. Qg4 g6 17. Rac1 Nc5 18. Nxc5 Bxc5 19. Bh3 Rd8 20. Qf3 Qe7 1/2-1/2

[Event "Guernsey Open"]
[Site "Guernsey GCI"]
[Date "2006.10.20"]
[Round "6"]
[White "Fassaert, Desire JM"]
[Black "Short, Stephen"]
[Result "1/2-1/2"]
[WhiteElo "2078"]
[BlackElo "1835"]
[PlyCount "59"]
[EventDate "2006.10.15"]

1. Nf3 Nf6 2. g3 g6 3. b3 Bg7 4. Bb2 O-O 5. Bg2 d6 6. d4 Na6 7. O-O c5 8. c4
Rb8 9. Nc3 Bf5 10. Qd2 Ne4 11. Nxe4 Bxe4 12. Rfd1 Qc7 13. Qf4 Bxf3 14. Qxf3 Nb4
15. Bc3 Nc2 16. dxc5 Bxc3 17. Qxc3 Nxa1 18. cxd6 exd6 19. Qxa1 b5 20. Bd5 Qe7
21. e3 Qe5 22. Qc1 Rfc8 23. f4 Qe7 24. Qd2 Qc7 25. h4 a5 26. h5 a4 27. hxg6
hxg6 28. cxb5 axb3 29. Bxb3 Rxb5 30. Qxd6 1/2-1/2

[Event "Guernsey Open"]
[Site "Guernsey GCI"]
[Date "2006.10.20"]
[Round "6"]
[White "Warmerdam, Rob"]
[Black "O'Leary, Matt"]
[Result "1-0"]
[WhiteElo "1796"]
[BlackElo "2200"]
[PlyCount "99"]
[EventDate "2006.10.15"]

1. d4 Nf6 2. c4 c5 3. d5 g6 4. Nc3 d6 5. e4 Bg7 6. Be2 O-O 7. h3 e5 8. dxe6
fxe6 9. Nf3 Nc6 10. Be3 b6 11. O-O e5 12. Qd2 Nd4 13. Bg5 Bb7 14. Rfe1 Qd7 15.
Bxf6 Rxf6 16. Nxd4 cxd4 17. Nd5 Bxd5 18. cxd5 h5 19. Rac1 Kh7 20. Rc6 Raf8 21.
f3 Bh6 22. Qc2 R8f7 23. Ba6 Be3+ 24. Rxe3 dxe3 25. Bc8 Qe7 26. Qe2 Rf4 27. Qxe3
Qh4 28. Kh2 Qd8 29. Qc3 Qh4 30. g3 Qg5 31. gxf4 Qxf4+ 32. Kg2 Qg5+ 33. Kh1 Rf4
34. Qe3 Qg3 35. Rc3 g5 36. Bf5+ Kh6 37. Rc7 Rxf5 38. exf5 Qxh3+ 39. Kg1 Qg3+
40. Kf1 Qh3+ 41. Ke2 Qxf5 42. Qe4 Qxe4+ 43. fxe4 g4 44. Rd7 h4 45. Rxd6+ Kh5
46. Re6 h3 47. Kf2 Kh4 48. Rh6+ Kg5 49. Rh8 Kf4 50. Rf8+ 1-0

[Event "Guernsey Open"]
[Site "Guernsey GCI"]
[Date "2006.10.20"]
[Round "6"]
[White "Von Saldern, Ruediger"]
[Black "O'Driscoll, Kieran"]
[Result "1/2-1/2"]
[WhiteElo "2090"]
[BlackElo "2054"]
[PlyCount "76"]
[EventDate "2006.10.15"]

1. d4 Nf6 2. Nf3 b6 3. Bg5 Ne4 4. Bh4 Bb7 5. e3 g6 6. Nbd2 Bg7 7. Nxe4 Bxe4 8.
Bd3 Bxd3 9. Qxd3 d5 10. O-O O-O 11. c4 Nc6 12. Rac1 Rc8 13. Qa3 Re8 14. Qa4 Na5
15. cxd5 Qxd5 16. Rxc7 Rxc7 17. Qxe8+ Bf8 18. b3 f6 19. Qb8 Qd7 20. Bg3 Rc2 21.
h4 Nc6 22. Qa8 Nb4 23. a3 Nd5 24. Bb8 a5 25. Qa6 Qc6 26. e4 Nc7 27. Bxc7 Qxc7
28. Qb5 e6 29. a4 Kf7 30. h5 Bd6 31. hxg6+ hxg6 32. e5 Be7 33. Re1 f5 34. Re3
Rc1+ 35. Kh2 Qd8 36. Re1 Rxe1 37. Nxe1 Qxd4 38. Nf3 Qf4+ 1/2-1/2

[Event "Guernsey Open"]
[Site "Guernsey GCI"]
[Date "2006.10.20"]
[Round "6"]
[White "Ozanne, Mark"]
[Black "Heath, Jeffrey"]
[Result "1-0"]
[WhiteElo "2067"]
[BlackElo "1926"]
[PlyCount "91"]
[EventDate "2006.10.15"]

1. e4 d5 2. exd5 Qxd5 3. Nc3 Qa5 4. d4 Nf6 5. Bd2 c6 6. Bc4 Qc7 7. Nf3 Bg4 8.
h3 Bh5 9. g4 Bg6 10. Qe2 Nbd7 11. Ne5 Nxe5 12. dxe5 Nd7 13. f4 e6 14. Rf1 Bxc2
15. Rc1 b5 16. Rxc2 bxc4 17. Qxc4 Nb6 18. Nb5 Qd7 19. Qxc6 Qxc6 20. Rxc6 Rc8
21. Nxa7 Rxc6 22. Nxc6 Nd5 23. Ke2 Bc5 24. b4 Bb6 25. a4 h5 26. a5 Bc7 27. g5
Kd7 28. Rc1 Ra8 29. b5 g6 30. b6 Bxb6 31. axb6 Nxb6 32. Nb4 Ra3 33. Be3 Nc8 34.
Nc2 Ra2 35. Kd3 Ne7 36. Ra1 Rb2 37. Kc3 Rb7 38. Ra7 Rxa7 39. Bxa7 Nd5+ 40. Kd2
Nxf4 41. Be3 Nd5 42. Kd3 Ne7 43. Nd4 Nc8 44. Ke4 Kc7 45. Nb5+ Kd7 46. Bc5 1-0

[Event "Guernsey Open"]
[Site "Guernsey GCI"]
[Date "2006.10.20"]
[Round "6"]
[White "Taylor, Bob"]
[Black "Brookfield, Toby"]
[Result "1/2-1/2"]
[WhiteElo "2013"]
[BlackElo "1715"]
[PlyCount "41"]
[EventDate "2006.10.15"]

1. d4 f5 2. Bg5 h6 3. Bh4 g5 4. e3 Bg7 5. Qh5+ Kf8 6. Bg3 Nf6 7. Qd1 d6 8. c4
Qe8 9. Nc3 e5 10. h4 f4 11. hxg5 hxg5 12. Rxh8+ Bxh8 13. dxe5 fxg3 14. exf6
gxf2+ 15. Kxf2 Nd7 16. Nd5 Nxf6 17. Nxf6 Bxf6 18. Qf3 Qf7 19. Rb1 g4 20. Qf4
Be5 21. Qxf7+ 1/2-1/2

[Event "Guernsey Open"]
[Site "Guernsey GCI"]
[Date "2006.10.20"]
[Round "6"]
[White "Cross, Ian K"]
[Black "Van Hoek, Wim"]
[Result "0-1"]
[WhiteElo "1890"]
[BlackElo "1803"]
[PlyCount "110"]
[EventDate "2006.10.15"]

1. d4 f5 2. e3 Nf6 3. f4 e6 4. Nf3 b6 5. Bd3 Bb7 6. O-O Be7 7. Nbd2 O-O 8. Qe2
Ne4 9. b3 Qe8 10. Bb2 Qh5 11. Rad1 d6 12. c4 Nd7 13. d5 Ndc5 14. Nd4 Qxe2 15.
Bxe2 exd5 16. cxd5 Bxd5 17. Bc4 Bxc4 18. Nxc4 Bf6 19. Ba1 g6 20. b4 Na6 21. a3
Rfe8 22. Rfe1 Bg7 23. g3 Kf7 24. Kg2 Nb8 25. Nd2 a6 26. Nxe4 Rxe4 27. Kf3 c5
28. Nc2 Bxa1 29. Rxa1 Nc6 30. Rab1 b5 31. g4 Rae8 32. h3 Rc4 33. Rb2 Ree4 34.
Rd1 Ke6 35. bxc5 dxc5 36. gxf5+ gxf5 37. Rg1 Rc3 38. Kf2 Rec4 39. Ne1 Rxa3 40.
Rg7 Nb4 41. Rxh7 Nd3+ 42. Nxd3 Rxd3 43. Rh6+ Kf7 44. Rxa6 b4 45. h4 Rdc3 46. h5
Rc2+ 47. Rxc2 Rxc2+ 48. Ke1 b3 49. Kd1 c4 50. Ra7+ Kg8 51. h6 Rb2 52. Rc7 Rb1+
53. Kd2 b2 54. h7+ Kh8 55. Rc8+ Kxh7 0-1

[Event "Guernsey Open"]
[Site "Guernsey GCI"]
[Date "2006.10.20"]
[Round "6"]
[White "Goman, Colin"]
[Black "Beadle, John"]
[Result "1/2-1/2"]
[WhiteElo "1889"]
[BlackElo "1950"]
[PlyCount "62"]
[EventDate "2006.10.15"]

1. c4 Nf6 2. b3 c5 3. Bb2 Nc6 4. g3 e6 5. Bg2 d5 6. d3 Be7 7. e3 O-O 8. a3 Rb8
9. Ne2 a6 10. O-O b5 11. cxb5 axb5 12. Nd2 Bb7 13. Qc2 Qc7 14. Rac1 Ba8 15.
Rfe1 Rfc8 16. Qd1 Ne5 17. Qc2 Neg4 18. Nd4 Bd6 19. N4f3 Ne5 20. Nxe5 Bxe5 21.
Bxe5 Qxe5 22. d4 Qc7 23. dxc5 Qa7 24. Qb2 Rxc5 25. Rxc5 Qxc5 26. Rc1 Qd6 27. b4
Bb7 28. Nb3 Nd7 29. Na5 Nb6 30. Nxb7 Rxb7 31. Qd4 Nc4 1/2-1/2

[Event "Guernsey Open"]
[Site "Guernsey GCI"]
[Date "2006.10.20"]
[Round "6"]
[White "Downey, Keith"]
[Black "Heymuth, Marcel"]
[Result "1-0"]
[WhiteElo "1872"]
[BlackElo "1712"]
[PlyCount "116"]
[EventDate "2006.10.15"]

1. Nf3 Nf6 2. c4 d6 3. d4 Bg4 4. Nc3 g6 5. e4 Nbd7 6. Be2 c5 7. Be3 Bg7 8. h3
Bxf3 9. Bxf3 cxd4 10. Bxd4 Nb6 11. b3 Nbd7 12. Rc1 Ne5 13. Be2 Nc6 14. Be3 Qa5
15. O-O O-O 16. Qd2 Rac8 17. Rfd1 Rfd8 18. f4 Rd7 19. Bf3 Rcd8 20. Qf2 Ra8 21.
Nb5 Qd8 22. a4 a6 23. Bb6 Qc8 24. Nc3 a5 25. g4 e6 26. Nb5 Ne8 27. Rd2 Ra6 28.
Rcd1 Bf8 29. Kg2 Nb8 30. e5 dxe5 31. fxe5 Rxd2 32. Rxd2 Nc6 33. c5 Be7 34. Qe2
Kg7 35. Nd6 Bxd6 36. exd6 Nf6 37. Qe3 Nd7 38. Qc3+ Kg8 39. Bc7 Qa8 40. Re2 Qa7
41. Rc2 Nb4 42. Rd2 Nc6 43. Be2 Nce5 44. Bxa6 Qxa6 45. Bb6 Nc6 46. Qe3 Kg7 47.
Rf2 Nce5 48. Kg3 f5 49. Qd4 Kf6 50. Kg2 Kf7 51. gxf5 exf5 52. Qd5+ Kf8 53. Bd8
Qa8 54. Be7+ Kg7 55. Re2 Nf7 56. Bh4 Nxc5 57. Re7 Ne6 58. Qxe6 b5+ 1-0

[Event "Guernsey Open"]
[Site "Guernsey GCI"]
[Date "2006.10.20"]
[Round "6"]
[White "Pollard, Matthew"]
[Black "Borland, Tom"]
[Result "1/2-1/2"]
[WhiteElo "1930"]
[BlackElo "2018"]
[PlyCount "79"]
[EventDate "2006.10.15"]

1. c4 c5 2. g3 g6 3. Bg2 Bg7 4. Nc3 Nf6 5. e4 d6 6. Nge2 Nc6 7. O-O O-O 8. d3
Rb8 9. f4 Nd4 10. Nxd4 cxd4 11. Nd5 e6 12. Nxf6+ Bxf6 13. b4 b5 14. e5 dxe5 15.
c5 exf4 16. Qf3 e5 17. gxf4 Qc7 18. fxe5 Bxe5 19. Bf4 Bf5 20. Bxe5 Qxe5 21.
Rae1 Qf6 22. Bh3 Qg5+ 23. Kh1 Bxh3 24. Qxh3 f5 25. Qf3 Qf6 26. Qd5+ Rf7 27. Re6
Rd8 28. Qe5 Qxe5 29. Rxe5 Kf8 30. Rfe1 a5 31. a3 axb4 32. axb4 Rb7 33. Re6 Kf7
34. Ra6 Re8 35. Rxe8 Kxe8 36. Rd6 Ke7 37. Rxd4 Rd7 38. Rxd7+ Kxd7 39. h4 h6 40.
Kg2 1/2-1/2

[Event "Guernsey Open"]
[Site "Guernsey GCI"]
[Date "2006.10.20"]
[Round "6"]
[White "Murray, Steve"]
[Black "Jamieson, Ian"]
[Result "1/2-1/2"]
[WhiteElo "2017"]
[BlackElo "2014"]
[PlyCount "39"]
[EventDate "2006.10.15"]

1. e4 e6 2. d4 a6 3. Bd3 b5 4. Nf3 Bb7 5. O-O Nf6 6. Re1 d5 7. e5 Nfd7 8. Nbd2
c5 9. c3 Nc6 10. Nf1 cxd4 11. cxd4 g6 12. Be3 Bg7 13. Rc1 O-O 14. Qd2 Re8 15.
Bh6 f6 16. Bxg7 Kxg7 17. exf6+ Qxf6 18. Bb1 Rac8 19. Ng3 e5 20. dxe5 1/2-1/2

[Event "Guernsey Open"]
[Site "Guernsey GCI"]
[Date "2006.10.21"]
[Round "7"]
[White "Hillarp Persson, Tiger"]
[Black "Fraser, Mark Gordon"]
[Result "1-0"]
[WhiteElo "2557"]
[BlackElo "2191"]
[PlyCount "101"]
[EventDate "2006.10.15"]

1. d4 Nf6 2. c4 e6 3. Nc3 Bb4 4. e3 b6 5. Nge2 Ne4 6. Bd2 Nxd2 7. Qxd2 d5 8.
cxd5 exd5 9. a3 Be7 10. Nf4 c6 11. Be2 a5 12. O-O O-O 13. Rac1 Bb7 14. Nd3 Nd7
15. Rfd1 Re8 16. Bf1 Bd6 17. g3 f5 18. f4 Nf6 19. Ne5 Bxe5 20. dxe5 Ne4 21. Qc2
g6 22. Bg2 Nxc3 23. Qxc3 Qe7 24. Qb3 b5 25. Qc2 a4 26. Qc5 Qxc5 27. Rxc5 Red8
28. Kf2 Rac8 29. Ke1 Kf7 30. Kd2 Ke6 31. Kc3 Ra8 32. Kb4 Rd7 33. Kc3 Rad8 34.
Kd4 Ba8 35. Bf3 Rb8 36. Kc3 h5 37. h3 Rh7 38. Kb4 Ra7 39. Rdc1 Ra6 40. g4 hxg4
41. hxg4 Rh8 42. gxf5+ gxf5 43. Rg1 Rh3 44. Bxd5+ Ke7 45. Rg7+ Kf8 46. Rg8+ Ke7
47. Rc1 Rh7 48. Bg2 Ra7 49. Bxc6 Bxc6 50. Rxc6 Rf7 51. Rcg6 1-0

[Event "Guernsey Open"]
[Site "Guernsey GCI"]
[Date "2006.10.21"]
[Round "7"]
[White "Burrows, Martin"]
[Black "Collier, David O"]
[Result "1-0"]
[WhiteElo "2215"]
[BlackElo "2175"]
[PlyCount "57"]
[EventDate "2006.10.15"]

1. e4 e6 2. d4 d5 3. Nc3 Nf6 4. Bg5 dxe4 5. Nxe4 Be7 6. Bxf6 gxf6 7. g3 Nd7 8.
Bg2 c5 9. d5 Ne5 10. Nc3 O-O 11. Nge2 Rb8 12. a4 a6 13. O-O Kh8 14. Nf4 Ng6 15.
Nh5 f5 16. f4 b5 17. axb5 axb5 18. Kh1 Qb6 19. Rf2 Rd8 20. Rd2 Bb7 21. h3 c4
22. Ne2 b4 23. c3 Ra8 24. Rxa8 Bxa8 25. cxb4 Bxb4 26. Rd4 Bxd5 27. Bxd5 Rxd5
28. Rxd5 Qc6 29. Qd4+ 1-0

[Event "Guernsey Open"]
[Site "Guernsey GCI"]
[Date "2006.10.21"]
[Round "7"]
[White "Morris Hill, Ray"]
[Black "Roberts, Paul"]
[Result "0-1"]
[WhiteElo "2060"]
[BlackElo "2189"]
[PlyCount "112"]
[EventDate "2006.10.15"]

1. d4 Nf6 2. Nf3 e6 3. e3 c5 4. Bd3 b6 5. O-O Bb7 6. c4 Be7 7. Nc3 O-O 8. d5
exd5 9. cxd5 d6 10. e4 Ba6 11. Bxa6 Nxa6 12. Qe2 Nc7 13. Re1 a6 14. Bf4 Re8 15.
Rad1 Nh5 16. Bc1 Bf6 17. Qd2 Bxc3 18. Qxc3 Qf6 19. Qxf6 Nxf6 20. Nd2 b5 21. b3
Nd7 22. Bb2 Ne5 23. Re3 f5 24. Rg3 f4 25. Rh3 Re7 26. Bxe5 Rxe5 27. f3 Rf8 28.
g3 fxg3 29. Rxg3 Ne8 30. Kh1 Re7 31. Rdg1 g6 32. h4 Nf6 33. Rg5 Kf7 34. Kh2
Rfe8 35. Kh1 Re5 36. Kh2 R5e7 37. Kh1 Rg8 38. Re1 h6 39. Rgg1 Re5 40. f4 Re7
41. Kg2 Rge8 42. Kf3 Nxd5 43. e5 Nf6 44. Rc1 dxe5 45. Rxc5 exf4 46. Kxf4 Nh5+
47. Kg4 Re2 48. Rc7+ R8e7 49. Rxe7+ Kxe7 50. Rd1 Nf6+ 51. Kh3 Ke6 52. Nf3 Rxa2
53. Nd4+ Kf7 54. Kg3 g5 55. hxg5 hxg5 56. Nf3 Ne4+ 0-1